000 00475nam a2200169Ia 4500
999 _c732
_d732
003 OSt
005 20210914140452.0
008 190216s9999||||xx |||||||||||||| ||und||
040 _coclc
082 _a492.79
_bSHA/Q
100 _aShanavas, C M
_94594
245 0 _aAl Qasasul Internet Wa Qasasun Ukhra /
_cC M Shanavas
260 _bAl Huda Book Stall,
_aCalicut:
300 _a48p
650 _aArabic
942 _cBK
_2ddc
_h492.79
_iSHA/Q
_k492.79
_mSHA/Q